01226nam a2200253 a 450000100100000000500170001000800410002702000180006804000250008608200210011110000380013224501280017025000110029826000360030930000210034550100610036650100640042774000460049174000490053795201250058695201190071195201250083099900170095500003601220200930074811.0111123s2011 dr 000 0 spa d a9789945004700 aDO-SdBNPbspacBNPHU axxxbS715m, 20111 aSosa Sosa, Diego A.,d1966-9323610aMi binomio :b¿Forastero Yo? una historia de cambios ; Click ¿Quién tiene el control de tu vida? /cDiego A. Sosa Sosa. a2a ed. aSanto Domingo :bBúho,c2011. a248 p. ;c23 cm. aPublicado con: ¿Forastero y yo? Una historia de cambios aPublicado con: Click ¿Quién tiene el control de tu vida?12a¿Forastero y yo? Una historia de cambios02aClick ¿Quién tiene el control de tu vida? 0010718DSaGRbGRcCTd2011-11-23iLF1l0oxxx S715m, 2011p36012-30r2020-06-25te. 3w2020-06-25yLFDSZNo se presta 0010718PDaPDbPDcCTd2011-11-23iLF1l0oxxx S715m, 2011p36012-10r2020-06-25w2020-06-25yLFPDZNo se presta 0010718PDaPDbPDcCTd2011-11-23iLF1l0oxxx S715m, 2011p36012-20r2020-06-25te. 2w2020-06-25yLFPDZNo se presta c35503d35503